000 00681nam a2200205Ia 4500
003 GCL
008 140319s9999 xx 000 0 ara d
040 _aGCL /
_cGCL
082 0 4 _a503
_bض م
100 1 _aضاحى عبدالباقى
245 1 0 _aالمصطلحات العلمية والفنية وكيف واجهها العرب المحدثون /
_cضاحى عبدالباقى
300 _a326 ص
490 _aالهيئة العامة للاستعلامات
_v0
650 0 4 _aالعلوم
650 0 4 _aمصطلحات
650 0 4 _aالعلم والمجتمع
650 0 4 _aالفنون - مصطلحات
650 0 4 _aالعلوم - مصطلحات
942 _2ddc
_cBK
999 _c51583
_d51583